| 000 | 00000cam 2200000zi 4500 |
| 001 | 9.935916 |
| 003 | CaOODSP |
| 005 | 20251217140007 |
| 006 | m o d f |
| 007 | cr |n||||||||| |
| 008 | 240321e19910201oncd o f|0| 0 eng d |
| 040 | |aCaOODSP|beng|erda|cCaOODSP |
| 043 | |an-cn--- |
| 086 | 1 |aEn4-663/1991E-PDF |
| 100 | 1 |aApostle, Jim, |eauthor. |
| 245 | 10|aEnvironment Canada : |baudit of SSC services and charges / |cJim Apostle, Barabara Campbell. |
| 264 | 1|a[Ottawa] : |bEnvironment Canada, |cFebruary 1, 1991. |
| 300 | |a1 online resource (v, 68 pages) : |bcharts |
| 336 | |atext|btxt|2rdacontent |
| 337 | |acomputer|bc|2rdamedia |
| 338 | |aonline resource|bcr|2rdacarrier |
| 500 | |aDigitized edition from print [produced by Environment and Climate Change Canada]. |
| 500 | |aIssued also in French under title: Environnement Canada : vérification des services fournis et des frais demandés par ASC. |
| 610 | 10|aCanada. |bEnvironment Canada|xAuditing. |
| 710 | 1 |aCanada. |bEnvironment Canada, |eissuing body. |
| 710 | 1 |aPrice Waterhouse Management Consultants, |econsultant. |
| 775 | 08|tEnvironnement Canada : |w(CaOODSP)9.958341 |
| 856 | 40|qPDF|s1.81 MB|uhttps://publications.gc.ca/collections/collection_2024/eccc/en4/En4-663-1991-eng.pdf |